<?xml version="1.0" encoding="UTF-8"?>
<record
    xmlns:xsi="http://www.w3.org/2001/XMLSchema-instance"
    xsi:schemaLocation="http://www.loc.gov/MARC21/slim http://www.loc.gov/standards/marcxml/schema/MARC21slim.xsd"
    xmlns="http://www.loc.gov/MARC21/slim">

  <leader>03029cam a22004334a 4500</leader>
  <controlfield tag="001">13908443</controlfield>
  <controlfield tag="003">OSt</controlfield>
  <controlfield tag="005">20150408114110.0</controlfield>
  <controlfield tag="008">050322s2006    pauaf    b    001 0 eng  </controlfield>
  <datafield tag="010" ind1=" " ind2=" ">
    <subfield code="a">  2005008049</subfield>
  </datafield>
  <datafield tag="016" ind1="7" ind2=" ">
    <subfield code="a">101244339</subfield>
    <subfield code="2">DNLM</subfield>
  </datafield>
  <datafield tag="020" ind1=" " ind2=" ">
    <subfield code="a">0781730147</subfield>
  </datafield>
  <datafield tag="020" ind1=" " ind2=" ">
    <subfield code="a">9780781730143</subfield>
  </datafield>
  <datafield tag="035" ind1=" " ind2=" ">
    <subfield code="a">(OCoLC)ocm58598402</subfield>
  </datafield>
  <datafield tag="040" ind1=" " ind2=" ">
    <subfield code="a">Ma-Un </subfield>
  </datafield>
  <datafield tag="042" ind1=" " ind2=" ">
    <subfield code="a">pcc</subfield>
  </datafield>
  <datafield tag="050" ind1="0" ind2="0">
    <subfield code="a">QR67</subfield>
    <subfield code="b">.C64 2006</subfield>
  </datafield>
  <datafield tag="060" ind1="0" ind2="0">
    <subfield code="a">2006 A-787</subfield>
  </datafield>
  <datafield tag="060" ind1="1" ind2="0">
    <subfield code="a">QW 25</subfield>
    <subfield code="b">K816 2006</subfield>
  </datafield>
  <datafield tag="082" ind1="0" ind2="0">
    <subfield code="a">616.9041</subfield>
    <subfield code="2">22</subfield>
  </datafield>
  <datafield tag="245" ind1="0" ind2="0">
    <subfield code="a">Koneman's color atlas and textbook of diagnostic microbiology /</subfield>
    <subfield code="c">Washington C. Winn, Jr. ... [et al.].</subfield>
  </datafield>
  <datafield tag="246" ind1="3" ind2="0">
    <subfield code="a">Color atlas and textbook of diagnostic microbiology</subfield>
  </datafield>
  <datafield tag="250" ind1=" " ind2=" ">
    <subfield code="a">6th ed.</subfield>
  </datafield>
  <datafield tag="260" ind1=" " ind2=" ">
    <subfield code="a">Philadelphia :</subfield>
    <subfield code="b">Lippincott Williams &amp; Wilkins,</subfield>
    <subfield code="c">c2006.</subfield>
  </datafield>
  <datafield tag="300" ind1=" " ind2=" ">
    <subfield code="a">xxxi, 1535, 30 p., [79] leaves of plates :</subfield>
    <subfield code="b">ill. (some col.) ;</subfield>
    <subfield code="c">29 cm.</subfield>
  </datafield>
  <datafield tag="500" ind1=" " ind2=" ">
    <subfield code="a">Rev. ed. of: Color atlas and textbook of diagnostic microbiology / Elmer W. Koneman ... [et al.]. 5th ed. c1997.</subfield>
  </datafield>
  <datafield tag="504" ind1=" " ind2=" ">
    <subfield code="a">Includes bibliographical references and index.</subfield>
  </datafield>
  <datafield tag="505" ind1="0" ind2=" ">
    <subfield code="a">Introduction to microbiology: part I : the role of the microbiology laboratory in the diagnosis of infectious diseases : guidelines to practice and management -- Introduction to microbiology: part II : guidelins for the collection, transport, processing, analysis, and reporting of cultures from specific specimen sources -- Laboratory diagnosis by immunologic methods -- Molecular microbiology -- Medical bacteriology: taxonomy, morphology, physiology, and virulence -- The enterobacteriaceae -- The nonfermentative gram-negative bacilli -- Curved gram-negative bacilli and oxidase-positive fermenters: campylobacteraceae and vibrionaceae -- Miscellaneous fastidious gram-negative bacilli -- Legionella -- Neisseria species and moraxella catarrhalis -- Gram-positive cocci: part I : staphylococci and related gram-positive cocci -- Gram-positive cocci: part II : streptococci, enterococci, and the "streptococcus-like" bacteria -- Aerobic and facultative gram-positive bacilli -- Aerobic actinomycetes -- The anaerobic bacteria -- Antimicrobial susceptibility testing -- Mycoplasmas and ureaplasmas -- Mycobacteria -- Spirochetal infections -- Mycology -- Parasitology -- Diagnosis of infections caused by viruses, chlamydia, rickettsia, and related organisms.</subfield>
  </datafield>
  <datafield tag="650" ind1=" " ind2="0">
    <subfield code="a">Diagnostic microbiology</subfield>
    <subfield code="v">Atlases.</subfield>
    <subfield code="9">19584</subfield>
  </datafield>
  <datafield tag="650" ind1="1" ind2="2">
    <subfield code="a">Microbiology</subfield>
    <subfield code="v">Laboratory Manuals.</subfield>
    <subfield code="9">6599</subfield>
  </datafield>
  <datafield tag="650" ind1="2" ind2="2">
    <subfield code="a">Laboratory Techniques and Procedures.</subfield>
    <subfield code="9">11026</subfield>
  </datafield>
  <datafield tag="700" ind1="1" ind2=" ">
    <subfield code="a">Winn, Washington C.</subfield>
    <subfield code="9">19585</subfield>
  </datafield>
  <datafield tag="700" ind1="1" ind2=" ">
    <subfield code="a">Koneman, Elmer W.,</subfield>
    <subfield code="d">1932-</subfield>
    <subfield code="9">19586</subfield>
  </datafield>
  <datafield tag="730" ind1="0" ind2=" ">
    <subfield code="a">Color atlas and textbook of diagnostic microbiology.</subfield>
    <subfield code="9">19587</subfield>
  </datafield>
  <datafield tag="856" ind1="4" ind2="2">
    <subfield code="3">Publisher description</subfield>
    <subfield code="u">http://www.loc.gov/catdir/enhancements/fy0712/2005008049-d.html</subfield>
  </datafield>
  <datafield tag="856" ind1="4" ind2="1">
    <subfield code="3">Table of contents only</subfield>
    <subfield code="u">http://www.loc.gov/catdir/enhancements/fy0811/2005008049-t.html</subfield>
  </datafield>
  <datafield tag="942" ind1=" " ind2=" ">
    <subfield code="2">ddc</subfield>
    <subfield code="c">BOOK</subfield>
  </datafield>
  <datafield tag="999" ind1=" " ind2=" ">
    <subfield code="c">26823</subfield>
    <subfield code="d">261323</subfield>
  </datafield>
  <datafield tag="952" ind1=" " ind2=" ">
    <subfield code="1">0</subfield>
    <subfield code="2">2013-03-10</subfield>
    <subfield code="4">0</subfield>
    <subfield code="7">0</subfield>
    <subfield code="a">616.9041 KOC</subfield>
    <subfield code="c">n1</subfield>
    <subfield code="d">2013-01-13</subfield>
    <subfield code="h">CL</subfield>
    <subfield code="i">00450216</subfield>
    <subfield code="m">CL</subfield>
    <subfield code="r">2013-03-10 00:00:00</subfield>
    <subfield code="t">BOOK</subfield>
    <subfield code="w">ddc</subfield>
    <subfield code="y">0</subfield>
  </datafield>
  <datafield tag="952" ind1=" " ind2=" ">
    <subfield code="1">0</subfield>
    <subfield code="2">2013-03-10</subfield>
    <subfield code="4">0</subfield>
    <subfield code="7">0</subfield>
    <subfield code="a">616.9041 KOC</subfield>
    <subfield code="c">n2</subfield>
    <subfield code="d">2013-01-13</subfield>
    <subfield code="h">CL</subfield>
    <subfield code="i">00450217</subfield>
    <subfield code="m">CL</subfield>
    <subfield code="r">2013-03-10 00:00:00</subfield>
    <subfield code="t">BOOK</subfield>
    <subfield code="w">ddc</subfield>
    <subfield code="y">0</subfield>
  </datafield>
  <datafield tag="952" ind1=" " ind2=" ">
    <subfield code="1">0</subfield>
    <subfield code="2">2013-03-10</subfield>
    <subfield code="4">0</subfield>
    <subfield code="7">0</subfield>
    <subfield code="a">616.9041 KOC</subfield>
    <subfield code="c">n3</subfield>
    <subfield code="d">2013-01-13</subfield>
    <subfield code="h">CL</subfield>
    <subfield code="i">00450218</subfield>
    <subfield code="m">CL</subfield>
    <subfield code="r">2013-03-10 00:00:00</subfield>
    <subfield code="t">BOOK</subfield>
    <subfield code="w">ddc</subfield>
    <subfield code="y">0</subfield>
  </datafield>
  <datafield tag="952" ind1=" " ind2=" ">
    <subfield code="1">0</subfield>
    <subfield code="2">2013-10-29</subfield>
    <subfield code="4">0</subfield>
    <subfield code="7">0</subfield>
    <subfield code="a">616.9041</subfield>
    <subfield code="d">2013-10-29</subfield>
    <subfield code="h">SZM</subfield>
    <subfield code="i">00402443</subfield>
    <subfield code="m">SZM</subfield>
    <subfield code="q">2014-02-20</subfield>
    <subfield code="r">2014-03-09 00:00:00</subfield>
    <subfield code="t">BOOK</subfield>
    <subfield code="w">ddc</subfield>
    <subfield code="y">1</subfield>
  </datafield>
  <datafield tag="952" ind1=" " ind2=" ">
    <subfield code="1">0</subfield>
    <subfield code="2">2013-10-29</subfield>
    <subfield code="4">0</subfield>
    <subfield code="7">0</subfield>
    <subfield code="a">616.9041</subfield>
    <subfield code="d">2013-10-29</subfield>
    <subfield code="h">SZM</subfield>
    <subfield code="i">00402444</subfield>
    <subfield code="m">SZM</subfield>
    <subfield code="q">2017-03-28</subfield>
    <subfield code="r">2017-05-23 00:00:00</subfield>
    <subfield code="t">BOOK</subfield>
    <subfield code="w">ddc</subfield>
    <subfield code="y">1</subfield>
  </datafield>
  <datafield tag="952" ind1=" " ind2=" ">
    <subfield code="1">0</subfield>
    <subfield code="2">2013-10-29</subfield>
    <subfield code="4">0</subfield>
    <subfield code="7">0</subfield>
    <subfield code="a">616.9041</subfield>
    <subfield code="d">2013-10-29</subfield>
    <subfield code="h">AMF</subfield>
    <subfield code="i">00402445</subfield>
    <subfield code="m">AMF</subfield>
    <subfield code="q">2025-01-28</subfield>
    <subfield code="r">2025-01-28 00:00:00</subfield>
    <subfield code="s">2025-04-29</subfield>
    <subfield code="t">BOOK</subfield>
    <subfield code="w">ddc</subfield>
    <subfield code="y">1</subfield>
  </datafield>
  <datafield tag="952" ind1=" " ind2=" ">
    <subfield code="1">0</subfield>
    <subfield code="2">2013-10-29</subfield>
    <subfield code="4">0</subfield>
    <subfield code="7">0</subfield>
    <subfield code="a">616.9041</subfield>
    <subfield code="d">2013-10-29</subfield>
    <subfield code="h">AMF</subfield>
    <subfield code="i">00402446</subfield>
    <subfield code="m">AMF</subfield>
    <subfield code="q">2023-01-10</subfield>
    <subfield code="r">2025-01-13 00:00:00</subfield>
    <subfield code="t">BOOK</subfield>
    <subfield code="w">ddc</subfield>
    <subfield code="y">1</subfield>
  </datafield>
  <datafield tag="952" ind1=" " ind2=" ">
    <subfield code="1">0</subfield>
    <subfield code="2">2013-10-29</subfield>
    <subfield code="4">0</subfield>
    <subfield code="7">0</subfield>
    <subfield code="a">616.9041</subfield>
    <subfield code="d">2013-10-29</subfield>
    <subfield code="h">AMF</subfield>
    <subfield code="i">00402447</subfield>
    <subfield code="m">AMF</subfield>
    <subfield code="r">2021-09-01 00:00:00</subfield>
    <subfield code="t">BOOK</subfield>
    <subfield code="w">ddc</subfield>
    <subfield code="y">0</subfield>
  </datafield>
</record>
